Statistics for Geography starting with N

Click here to take the quiz!

General Stats

  • This quiz has been taken 32 times
  • The average score is 7 of 10

Answer Stats

LettersClueAnswer% Correct
4Worlds longest riverNile
100%
7Most populated African countryNigeria
97%
5Asian lanlocked countryNepal
90%
11Largest city in USANew York City
84%
12New England stateNew Hampshire
84%
13Ninth most populated US staeNorth Carolina
74%
10Antipodean countryNew Zealand
55%
8Capital of 'Dead Heart of Africa'N'Djamena
29%
6New Caledonian capitalNoumea
26%
9Only Oceanic capital with a punctuation markNuku'alofa
26%

Score Distribution

Percentile by Number Answered

Percent of People with Each Score

Your Score History

You have not taken this quiz